00382pab a2200121 454500008004000000100002200040245012300062260000900185300001400194362000800208650001300216773003100229180718b2004 xxu||||| |||| 00| 0 eng d aScherer, Klaus R. aWays to study the nature and frequency of our daily emotions: reply to the commentaries on "emotions in everyday life" c2004 ap.667-89. aDec aEmotions aSocial Science Information